Report of the Committee on Roads and Transport on the Design-Build Contract Agreement between the Government of the Republic of Ghana (Represented by the Ministry of Roads and Highways [ Ghana Highway Authority]) and Griner Engineering GH Limited for an amount of Fifty-Eight Million, One Thousand, One Hundred and Thirty-Eight Euros and Eighty Cents (58,001,138.80) for the Design and Construction of Three Bridges over Sweet River at Iture, River Ankobra and Black Volta River at Dikpe, 2020 (Record no. 1695)

MARC details
000 -LEADER
fixed length control field 01370nam a2200181Ia 4500
003 - CONTROL NUMBER IDENTIFIER
control field OSt
005 - DATE AND TIME OF LATEST TRANSACTION
control field 20240729190015.0
008 - FIXED-LENGTH DATA ELEMENTS--GENERAL INFORMATION
fixed length control field 240429s9999||||xx |||||||||||||| ||und||
041 ## - LANGUAGE CODE
Language code of text/sound track or separate title eng
082 ## - DEWEY DECIMAL CLASSIFICATION NUMBER
Classification number CR/G&GEL/20
100 ## - MAIN ENTRY--PERSONAL NAME
Personal name Roads &Transport Committee
245 #0 - TITLE STATEMENT
Title Report of the Committee on Roads and Transport on the Design-Build Contract Agreement between the Government of the Republic of Ghana (Represented by the Ministry of Roads and Highways [ Ghana Highway Authority]) and Griner Engineering GH Limited for an amount of Fifty-Eight Million, One Thousand, One Hundred and Thirty-Eight Euros and Eighty Cents (58,001,138.80) for the Design and Construction of Three Bridges over Sweet River at Iture, River Ankobra and Black Volta River at Dikpe, 2020
260 ## - PUBLICATION, DISTRIBUTION, ETC.
Name of publisher, distributor, etc. Parliamet of Ghana
Place of publication, distribution, etc. Accra
Date of publication, distribution, etc. 2020
300 ## - PHYSICAL DESCRIPTION
Extent 9p.
650 ## - SUBJECT ADDED ENTRY--TOPICAL TERM
Topical term or geographic name entry element Report of the Committee on Roads and Transport on the Design-Build Contract Agreement - Government of the Republic of Ghana (Represented by the Ministry of Roads and Highways [ Ghana Highway Authority]) and Griner Engineering GH Limited for an amount of Fifty-Eight Million, One Thousand, On - One Hundred and Thirty-Eight Euros and Eighty Cents (58,001,138.80) for the Design - Construction of Three Bridges over Sweet River at Iture, River Ankobra and Black Volta River at Dikpe, 2022
942 ## - ADDED ENTRY ELEMENTS (KOHA)
Koha item type Committee Reports
Source of classification or shelving scheme Dewey Decimal Classification
Holdings
Withdrawn status Lost status Damaged status Not for loan Home library Current library Shelving location Date acquired Total checkouts Full call number Date last seen Copy number Price effective from Koha item type
        Main Library Main Library Open Shelves 16/09/2022   CR/G&GEL/20 3020 C1 - CR/G&GEL/20 3021 C2 29/04/2024 1 29/04/2024 Committee Reports
©2026  Parliament of Ghana Library - All rights reserved